000 00865nam a2200277Ia 4500
003 OSt
005 20220928131213.0
006 a|||||r|||| 00| 0
007 ta
008 220927b |||||||| |||| 00| 0 eng d
020 _cUSD 60.00
024 _a137515
037 _b048, 27/02/2018, Excel Book International
_cTextual
040 _aSDCL
_cSDCL
_beng
041 _2eng
_aeng
082 _aS:796, Q8
100 _aDavis Oaul Ed.
_9477421
245 0 _aAddiction
_b Psychology and treatment
260 _aHoboken
_bWiley
_c2018
300 _axxiv,311p.
_ccm.
650 _aApplied Psychology
700 _a Jackson Sue Ed.
_9477422
700 _a Patton Robert Ed.
_9477423
942 _hS:796, Q8
_cTEXL
_2CC
999 _c789923
_d789923